| 000 | 01061nam a2200229 a 4500 | ||
|---|---|---|---|
| 003 | 0 | ||
| 005 | 20250609110522.0 | ||
| 008 | 021126s19uu xx 00 eng d | ||
| 050 |
_aPGS LB 1028.43 _b.V718 2000 |
||
| 100 | _aVillanueva, Trinidad Ruth. | ||
| 245 |
_aPerception of Southville International School high school students, school year 1999-2000, on the effectiveness of computer aided instruction on math, English and science in S.I.S. / _cTrinidad Ruth Villanueva. |
||
| 260 |
_aLas PiƱas City, Philippines : _bSouthville International School and Colleges, _c2000. |
||
| 300 |
_a26 pages : _bcolored illustrations ; _c28 cm. |
||
| 504 | _aIncludes bibliographical references. | ||
| 650 |
_aComputer-assisted instruction _vEvaluation. |
||
| 650 |
_aEducation _vEffect of technological innovations on. |
||
| 650 |
_aMathematics _vComputer-assisted instruction. |
||
| 650 |
_aEnglish language _vComputer-assisted instruction. |
||
| 650 |
_aScience _vComputer-assisted instruction. |
||
| 650 |
_aHigh school students _vAttitudes. |
||
| 942 |
_2lcc _cPASS |
||
| 999 |
_c96378 _d96378 |
||